000
00332nam a2200121 a 4500
005
20140414131917.0
008
101020s19uu xx 00 eng d
050
_a
ER
_b
W55 1988
100
_a
Cartwright, Pauline
245
_a
What are you going to buy?.
260
_a
Ontario, MI :
_b
Ginn Publishing Canada,
_c
1988.
999
_c
111541
_d
111541